000 02818nam a22003257a 4500
003 DO-SdBNP
005 20211129133213.0
007 ta
008 211126b2019 a|||e |||| 001 0 spa d
040 _aDO-SdBNP
_bspa
_cBNPHU
082 4 _222
_a343.0946
_bI597m
110 1 _aInstituto Universitario de Tráfico y Seguridad Vial de la Universidad de Valencia (INTRAS)
_980751
245 1 0 _aManual de conducción y seguridad vial :
_blicencia categoría 02. conocimientos específicos para la conducción de vehículos livianos de motor /
_c(INTRAS)
260 _aSanto Domingo] :
_bINTRANT,
_c2019.
300 _a71 p. :
_bil. ;
_c21 cm.
505 _aParte 1. Requisitos para la conducción de vehículos livianos.
_t.1 Requisitos previos --
_t1.2. Vehículos que autoriza a conducir las categorías 02 --
_t1.3. La licencia de conducir de categoría 02 --
_t1.3.1. La obtención de una licencia de categoría 02 --
_t1.3.2. Vigencia --
505 _aParte 2. El vehículo liviano.
_t2.1.1. El motro --
_t2.1.2. El sistema de alimentación --
_t2.1.3. El sistema de escape --
_t2.1.4. El sistema de lubricación --
_t2.1.5. El sistema de refrigeración --
_t2.1.6. El equipo eléctrico --
_t2.1.7. La batería --
_t2.1.8. El sistema de carga --
_t2.1.9. El sistema de arranque --
_t2.1.10. El sistema de encendido --
_t2.1.11. El sistema de iluminacióm --
_t2.1.12. El sistema de transmisión --
_t2.1.13. El sistema de dirección --
_t2.1.14. El sistema de suspensión --
_t2.1.15. El sistema de frenado --
_t2.1.16. Ruedas y gomas --
_t2.2. Elementos de seguridad del vehículo --
_t2.2.1. La seguridad activa --
_t2.2.2. Seguridad pasiva --
_t2.2.3. El puesto de conducción --
505 _aParte 3. Técnicas de conducción.
_t3.1 .1 Manejo de Vehículo --
_t3.1.2. Las curvas --
_t3.1.6. Deslizamientos --
_t3.1.3. El factor ambiental y climático --
_t3.2.1 ¿Qué es maniobra? --
_t3.2.2. Incorporación a la circulación --
_t3.2.3. Desplazamientos laterales --
_t3.2.4 Rebasamiento --
_t3.2.5. Cambio de dirección --
_t3.2.6. Cambio de sentido --
_t3.2.7. Marcha atrás --
_t3.2.8. Paradas y estacionamiento --
_t3.3. Técnicas avanzadas de manejo --
_t3.3.1. El manejo preventido --
_t3.3.2. La conducción eficiente --
505 _aParte 4. Reglas de conducción y normas especializas.
_t4.1. El consumo de alcohol --
_t4.2. Límites de velocidad --
590 _aInventariado. 2021 / SA
650 4 0 _977293
_aConducción de automóviles
_vManuales
650 4 0 _aConducción
_xVehículos livianos
_980758
650 4 0 _aSeñales de tránsito
_vManuales
_977294
650 4 0 _980740
_aSeguridad vial
_xEnseñanza
650 4 0 _977295
_aReglamentos de tránsito
_zRepública Dominicana
700 1 _aDaroqui, Silvia
_eCoolaboradora
_980752
700 1 _aApuzzo, Silvia
_eColaboradora
_980753
910 _aSaquino
942 _2ddc
_cLBS1
999 _c51051
_d51051